Islamic reform in south asia / (Record no. 15897)

000 -LEADER
fixed length control field 01829nam a2200265 a 4500
001 - CONTROL NUMBER
control field ASIN1107031753
005 - DATE AND TIME OF LATEST TRANSACTION
control field 20170105102927.0
008 - FIXED-LENGTH DATA ELEMENTS--GENERAL INFORMATION
fixed length control field 131213s2013 xxu eng d
020 ## - INTERNATIONAL STANDARD BOOK NUMBER
International Standard Book Number 1107031753 (hardcover)
Terms of availability $110.00
020 ## - INTERNATIONAL STANDARD BOOK NUMBER
International Standard Book Number 9781107031753 (hardcover)
040 ## - CATALOGING SOURCE
Original cataloging agency 0
050 04 - LIBRARY OF CONGRESS CALL NUMBER
Classification number BP63.A37
082 04 - DEWEY DECIMAL CLASSIFICATION NUMBER
Classification number 297.095409051
Author Mark ISL 2013
245 00 - TITLE STATEMENT
Title Islamic reform in south asia /
Statement of responsibility, etc. Filippo Osella, Caroline Osella.
260 ## - PUBLICATION, DISTRIBUTION, ETC.
Place of publication, distribution, etc. [S.l.] :
Name of publisher, distributor, etc. Cambridge University Press,
Date of publication, distribution, etc. 2013.
300 ## - PHYSICAL DESCRIPTION
Extent 535 p. ;
Dimensions 24 cm.
520 ## - SUMMARY, ETC.
Summary, etc. The articles in this volume build up ethnographic analysis complementary to the historiography of South Asian Islam, which has explored the emergence of reformism in the context of specific political and religious circumstances of nineteenth century British India. Taking up diverse popular and scholarly debates as well as everyday religious practices, this volume also breaks away from the dominant trend of mainstream ethnographic work, which celebrates sufi-inspired forms of Islam as tolerant, plural, authentic and so on, pitted against a 'reformist' Islam. Urging a more nuanced examination of all forms of reformism and their reception in practice, the contributions here powerfully demonstrate the historical and geographical specificities of reform projects. In doing so, they challenge prevailing perspectives in which substantially different traditions of reform are lumped together into one reified category (often carelessly shorthanded as 'wah'habism') and branded as extremist - if not altogether demonised as terrorist.
650 #0 - SUBJECT ADDED ENTRY--TOPICAL TERM
Topical term or geographic name entry element Islam
650 #0 - SUBJECT ADDED ENTRY--TOPICAL TERM
Topical term or geographic name entry element Islamic renewal
650 #0 - SUBJECT ADDED ENTRY--TOPICAL TERM
Topical term or geographic name entry element South Asia
700 1# - ADDED ENTRY--PERSONAL NAME
Personal name Osella, Caroline.
700 1# - ADDED ENTRY--PERSONAL NAME
Personal name Osella, Filippo.
856 40 - ELECTRONIC LOCATION AND ACCESS
Materials specified Amazon.com
Uniform Resource Identifier <a href="http://www.amazon.com/exec/obidos/ASIN/1107031753/chopaconline-20">http://www.amazon.com/exec/obidos/ASIN/1107031753/chopaconline-20</a>
942 ## - ADDED ENTRY ELEMENTS (KOHA)
Source of classification or shelving scheme
Koha item type Book
Holdings
Withdrawn status Lost status Damaged status Not for loan Collection code Permanent Location Current Location Shelving location Date acquired Total Checkouts Full call number Barcode Date last seen Price effective from Koha item type
          Centre for International Peace & Stability (CIPS) Centre for International Peace & Stability (CIPS) General Stacks 09/27/2013   297.095409051 ISL 2013 CIPS0001346 12/13/2013 12/13/2013 Book
© 2023 Central Library, National University of Sciences and Technology. All Rights Reserved.